01154nam a2200301Ia 450000500170000000800370001702000180005404100080007208200180008010000360009824500550013425000360018930000250022549000280025050000550027850501480033365000580048165000530053965000300059265100390062294200120066126400410067333600270071433700330074133800280077404000350080299900150083720220317001902.0170410s2015 c g 000 0 s a9789585820746 aspa04aCo864.6bO76d1 aOspina Buitrago, Williamd1954-10aDónde está la franja amarilla?cWilliam Ospina a1a. edición, 7a reimpresión a119 páginasc23 cm aLiteratura Random House aIncluye datos biográficos del autor en la solapa aLo que le falta a Colombia -- Colombia, el Proyecto Nacional y la Franja Amarilla -- Sobre Bogotá -- Estanislao Zuleta: la amistad y el saber142LEMBaAutores colombianosvCritica e interpretación142LEMBaCritica socialvEnsayos, conferencias, etc142LEMBaEnsayos colombianos 4aColombiavEnsayosxHistoria978370 2ddccBK aBogotábPenguin Random Housec2015 atextobtxt2rdacontent asin mediaciónbn2rdamedia avolumenbnc2rdacarrier aCO-BoRNBPbspaerdacCO-BoRNBP c8416d8416